000 00615nam a2200181Ia 4500
008 090124s9999 xx 000 0 und d
082 _b117186
100 _aरांगणेकर कुमुदिनी
245 _a पुरुषाला माया थोडी
250 _a1
260 _c1977
300 _a173
600 _aरांगणेकर कुमुदिनी
630 _a पुरुषाला माया थोडी
700 _aरांगणेकर कुमुदिनी
730 _a पुरुषाला माया थोडी
942 _cBOOK
999 _c163272
_d163272